Harry Potter: le Bureau du Directeur - Statistiques

Statistiques générales
  • Ce quiz a été pris 81 fois
  • Le résultat moyen est 9 sur 16
Statistiques - réponses
Information Réponses % Correct
Dernière apparition Harry Potter et les Reliques de la Mort
93%
Locataire Albus Dumbledore
92%
Première apparition Harry Potter à l'école des sorciers
89%
Locataire Severus Rogue
85%
Locataire Minerva McGonagall
84%
Moyen d'entrer Mot de passe
79%
Mot de passe en 1992 - 1993 Sorbet citron
70%
Mot de passe en 1997 - 1998 Dumbledore
64%
Locataire Armando Dippet
62%
Description Pièce circulaire, plusieurs fenêtres, ambiance changeante selon la directeur, tableau des anciens directeurs
33%
Mot de passe en 1996 - 1997 Suçacides
30%
Mot de passe en 1995-1996 Fizwizbiz
28%
Mot de passe en 1994 - 1995 Nids de cafards
23%
Mot de passe en 1985 - 1986 Souris glacées
16%
Mot de passe en 1996 - 1997 Eclairs au caramel
15%
Mot de passe en 1986 - 1987 Crapaud à la menthe
11%
Aucun quiz correspondant
Distribution des résultats
% des personnes avec chaque résultat
Percentile par nombre de réponses
Votre historique - résultats
Vous n’avez pas pris ce quiz